|
|
|
|
| LEADER |
01386nam a22002537a 4500 |
| 001 |
34801 |
| 003 |
BD-DhAAL |
| 005 |
20190801112857.0 |
| 008 |
190718r20162013bg ||||| |||| 00| 1 ben d |
| 999 |
|
|
|c 40893
|d 40893
|
| 020 |
|
|
|a 9789849224617
|
| 040 |
|
|
|a BD-DhAAL
|c BD-DhAAL
|
| 082 |
|
|
|a 891.4437
|2 23
|
| 100 |
|
|
|a চট্টোপাধ্যায়, শরৎচন্দ্র
|9 21674
|
| 245 |
|
|
|a শরৎ রচনাসমগ্র,
|n দ্বিতীয় খণ্ড /
|c শরৎচন্দ্র চট্টোপাধ্যায়
|
| 260 |
|
|
|a ঢাকা :
|b কাকলী প্রকাশনী,
|c ২০১৩ [দ্বিতীয় মুদ্রণ ২০১৬]
|
| 300 |
|
|
|a ১২৪৭ পৃষ্ঠা :
|c ২২ সে.মি.
|
| 526 |
|
|
|a Residential Campus
AAL
|
| 541 |
|
|
|a Development Book Agency
|e 34801, 34975
|
| 650 |
|
|
|a Short stories, Bengali.
|9 21675
|
| 852 |
|
|
|a Savar Campus Library
|c General Stacks
|
| 942 |
|
|
|2 ddc
|c BK
|
| 952 |
|
|
|0 0
|1 0
|2 ddc
|4 0
|6 891_443700000000000_CHA
|7 0
|9 65648
|a SCL
|b SCL
|c GEN
|d 2019-07-17
|e Development Book Agency
|g 320.00
|l 6
|m 27
|o 891.4437 CHA
|p 3020034801
|r 2023-05-31
|s 2023-05-28
|t 1
|v 320.00
|w 2019-07-17
|y BK
|
| 952 |
|
|
|0 0
|1 0
|2 ddc
|4 0
|6 891_443700000000000_CHA
|7 0
|9 65826
|a BRACUL
|b BRACUL
|c GEN
|d 2019-07-24
|e Development Book Agency
|g 320.00
|l 3
|m 21
|o 891.4437 CHA
|p 3010034975
|r 2022-05-19
|s 2022-05-16
|t 1
|v 320.00
|w 2019-07-24
|y BK
|